| 000 | 00378 a2200169 4500 | ||
|---|---|---|---|
| 001 | 71909 | ||
| 020 | _a | ||
| 040 | _cAnchieta - Colégio São Paulo | ||
| 100 | _aPenteado, Maria Heloísa | ||
| 240 | 1 | 0 |
_aA velha Fridélia _lpor |
| 245 | 1 | 0 | _aA velha Fridélia |
| 300 | _a127 | ||
| 362 | 0 | _a1985 | |
| 440 | 1 | _aÁtica | |
| 650 | 4 | _aLiteratura infanto-juvenil | |
| 942 | _cBK | ||
| 999 |
_c71909 _d71909 |
||